Zrelý na novelu. Na okraj zákona FZ o cenných papieroch.

Upozornenie na problémy, ktoré vznikli prijatím zákona o cenných papieroch FZ ČSFR 2.12.1992. Keďže ČNR 22.11.1992 prijala odchylné znenie zákona o cenných papieroch, federálny zákon bude platiť zrejme len pre Slovensko. Nevyhnutnosť jeho novelizácie a autentickej interpretácie niektorých ustanovení...

Descripción completa

Guardado en:
Detalles Bibliográficos
Autor principal: Alexy, Z.
Formato: Capítulo de libro
Lenguaje:eslovaco
Materias:
Etiquetas: Agregar Etiqueta
Sin Etiquetas, Sea el primero en etiquetar este registro!

MARC

LEADER 00000naa a2200000 4500
001 r011500
005 20221214064943.1
041 0 |a slo 
044 |a SK 
245 1 0 |a Zrelý na novelu.  |b Na okraj zákona FZ o cenných papieroch.  |c Z. Alexy 
520 |a Upozornenie na problémy, ktoré vznikli prijatím zákona o cenných papieroch FZ ČSFR 2.12.1992. Keďže ČNR 22.11.1992 prijala odchylné znenie zákona o cenných papieroch, federálny zákon bude platiť zrejme len pre Slovensko. Nevyhnutnosť jeho novelizácie a autentickej interpretácie niektorých ustanovení. 
610 2 0 |a papiere cenné 
610 2 0 |a burzy 
610 2 0 |a zákony 
610 2 0 |a 1992 
610 2 0 |a ČSFR 
610 2 0 |a Čechy 
610 2 0 |a Slovensko 
100 1 |a Alexy, Z.